The Theory of Heat Radiation (Record no. 557088)

MARC details
000 -LEADER
fixed length control field 00417nam a2200169Ia 4500
008 - FIXED-LENGTH DATA ELEMENTS--GENERAL INFORMATION
fixed length control field 240825s9999 xx 000 0 und d
020 ## - INTERNATIONAL STANDARD BOOK NUMBER
ISBN 9789390063666
Paper back/Hardbound pbk
041 ## - LANGUAGE CODE
Language code of text/sound track or separate title eng.
082 ## - DEWEY DECIMAL CLASSIFICATION NUMBER
Classification number 536.7
Item number PLA
100 ## - MAIN ENTRY--AUTHOR NAME
Personal name Planck, Max.
245 #4 - TITLE STATEMENT
Title The Theory of Heat Radiation
Statement of responsibility, etc Max Planck
250 ## - EDITION STATEMENT
Edition statement 1st edition
260 ## - PUBLICATION, DISTRIBUTION, ETC. (IMPRINT)
Name of publisher Mjp
Year of publication 2023
Place of publication Chennai
300 ## - PHYSICAL DESCRIPTION
Number of Pages 217 pages
650 ## - SUBJECT ADDED ENTRY--TOPICAL TERM
Topical Term Physics
942 ## - ADDED ENTRY ELEMENTS (KOHA)
Koha item type English Books
Holdings
Withdrawn status Lost status Damaged status Not for loan Home library Current library Shelving location Date acquired Cost, normal purchase price Full call number Accession Number Price effective from Koha item type
        Anna Centenary Library Anna Centenary Library 5TH FLOOR, A WING 25.08.2024 595.00 536.7 PLA 676856 25.08.2024 English Books
        Anna Centenary Library Anna Centenary Library 5TH FLOOR, A WING 25.08.2024 595.00 536.7 PLA 676857 25.08.2024 English Books

Find us on the map